Food crops for the future : The development of plant resources

1. The meaning of improvement; 2. A survey of food plants; Mendei and after;...

Guardat en:
Dades bibliogràfiques
Autor principal: Tudge, Colin
Format: Llibre
Idioma:Undetermined
Publicat: New York B. Blackwell 1988
Matèries:
Etiquetes: Afegir etiqueta
Sense etiquetes, Sigues el primer a etiquetar aquest registre!
Thư viện lưu trữ: Trung tâm Học liệu Trường Đại học Cần Thơ
LEADER 00623nam a2200205Ia 4500
001 CTU_226324
008 210402s9999 xx 000 0 und d
082 |a 630 
082 |b T899 
100 |a Tudge, Colin 
245 0 |a Food crops for the future : 
245 4 |b The development of plant resources 
245 0 |c Colin Tudge 
260 |a New York 
260 |b B. Blackwell 
260 |c 1988 
520 |a 1. The meaning of improvement; 2. A survey of food plants; Mendei and after;... 
650 |a Cây lương thực,Food crops 
910 |b nthai 
980 |a Trung tâm Học liệu Trường Đại học Cần Thơ